000
00272cam a2200109ua 4500
082
_a
824
_b
KRI/ON
100
_a
S. Krishnankutty .
_9
1646
245
_a
On the Heights: An Anthology of Prose /
260
_a
:
_b
Orient longman ,
_c
1971.
300
_a
144 ; .
942
_c
BK
999
_c
11367
_d
11367